000 01338cam a22003254a 4500
001 13907417
003 OSt
005 20240702144755.0
008 050322s2006 caua b 001 0 eng
010 _a 2005008159
020 _a1412915341 (cloth)
020 _a141291535X (pbk.)
040 _cmust
042 _apcc
050 0 0 _aHM736
_b.B87 2006
082 _a302.3 BUR 2006
100 1 _aBurtis, John Orville.
_918366
245 1 0 _aGroup communication pitfalls :
_bovercoming barriers to an effective group experience /
_cJohn O. Burtis, Paul D. Turman.
260 _aThousand Oaks, Calif. :
_bSage,
_cc2006.
300 _axvi, 247 p. :
_bill. ;
_c23 cm.
504 _aIncludes bibliographical references p. (229-236) and index.
650 0 _aCommunication in small groups.
_918367
700 1 _aTurman, Paul D.
_918368
856 4 1 _3Table of contents only
_uhttp://www.loc.gov/catdir/toc/ecip0510/2005008159.html
856 4 2 _3Publisher description
_uhttp://www.loc.gov/catdir/enhancements/fy0658/2005008159-d.html
856 4 2 _3Contributor biographical information
_uhttp://www.loc.gov/catdir/enhancements/fy0734/2005008159-b.html
906 _a7
_bcbc
_corignew
_d1
_eecip
_f20
_gy-gencatlg
942 _2ddc
_cO_SHELF
999 _c9035
_d9035